000
00323nam a2200133Ia 4500
008
200103s9999||||xx |||||||||||||| ||und||
040
_a
IMU-MPC
082
_a
Column-64
100
_a
Robinson, William Albert
245
0
_a
Deep Water and Shoal
260
_b
Rupert Hart-Davis, London
_c
1950
300
_a
319
942
_c
BK
999
_c
11402
_d
11402